见树又见林 (Record no. 12890)

000 -LEADER
fixed length control field 00481nam a22001817a 4500
003 - CONTROL NUMBER IDENTIFIER
control field MPLRDC
005 - DATE AND TIME OF LATEST TRANSACTION
control field 20220104123626.0
008 - FIXED-LENGTH DATA ELEMENTS--GENERAL INFORMATION
fixed length control field 210129b ||||| |||| 00| 0 eng d
020 ## - INTERNATIONAL STANDARD BOOK NUMBER
International Standard Book Number 957-30710-2-9
082 ## - DEWEY DECIMAL CLASSIFICATION NUMBER
Classification number 540.2 JOH
100 ## - MAIN ENTRY--PERSONAL NAME
Personal name ALLAN G. JOHNSON
245 ## - TITLE STATEMENT
Title 见树又见林
Statement of responsibility, etc. 成令方、林鹤玲、吴嘉苓 译
250 ## - EDITION STATEMENT
Edition statement 一版七刷
260 ## - PUBLICATION, DISTRIBUTION, ETC.
Place of publication, distribution, etc. 台湾
Name of publisher, distributor, etc. 群学出版有限公司
Date of publication, distribution, etc. 2002
300 ## - PHYSICAL DESCRIPTION
Other physical details 232
650 ## - SUBJECT ADDED ENTRY--TOPICAL TERM
Topical term or geographic name entry element 社会哲学
942 ## - ADDED ENTRY ELEMENTS (KOHA)
Koha item type Book
-- 540.2 JOH
Holdings
Withdrawn status Lost status Source of classification or shelving scheme Damaged status Not for loan Collection code Home library Current library Shelving location Date acquired Cost, normal purchase price Total Checkouts Full call number Barcode Date last seen Date last checked out Price effective from Koha item type Public note
            Malaysian Public Library, Research and Development Centre Malaysian Public Library, Research and Development Centre   10/12/2007 28.60   540.2 JOH 00012906 17/03/2021 09/09/2016 17/03/2021 Book mplrdc

© 2022. Malaysian Public Library, Research and Development Centre. All Right ReservedE-mailmplrdc@help.edu.my 

Powered by Koha